01003nam a22002537a 45000010005000000030006000050050017000110080041000280200018000690400029000870500016001160820010001321000020001422450134001622600049002963000050003454900027003955050008004225200203004305210029006335210020006626500032006827000035007149534FISKH20260120103214.0260120b cb ||||| |||| 00| 0 eng d a9781929945559 aFISKHbengcFISKHdFISKH aPZ7.D8694 P a741.5 aDuey , Kathleen aPatch / cBy Kathleen Duey : Created & Photographed by Robert Gould : 3D Special Effects & Digital Illustration by Eugene Epstein aCalifornia : bBig Guy Books , Inc ,c2005 . a95 pages : bcolor illustrations ; c21 cm .  aTime Soldiers vBook 3 aR  aA year after their previous trip, the Time Soldiers enter the portal again and are transported to a treasure-filled cave, where their attempt to rescue a girl from pirates gets them in big trouble. 8 a700 bLexile estimate 8 aR bRaz-Plus  aAction & AdventurevFiction aEpstein , EugeneeIllustrator